| 000 | 00745 a2200265 4500 | ||
|---|---|---|---|
| 999 |
_c16188 _d8485 |
||
| 001 | 16188 | ||
| 003 | TR-AnTOB | ||
| 005 | 20260331154645.0 | ||
| 008 | 110118s2004 tu 000 0 | ||
| 020 | _a9755090533 | ||
| 040 |
_aTR-AnTOB _cTR-AnTOB |
||
| 041 | _atur | ||
| 050 | _aPL189 | ||
| 090 |
_aREF PL189 _b.P87 2004 |
||
| 100 | 1 |
_aPüsküllüoğlu, Ali, _d1935- _916610 |
|
| 245 | 0 |
_aArkadaş Türkçe sözlük / _cAli Püsküllüoğlu ; ed. M. Selim Tosun. |
|
| 264 |
_aAnkara : _bArkadaş Yayınevi, _c2004 |
||
| 300 |
_a1121 p. ; _c24 cm. |
||
| 336 |
_2rdacontent _atext |
||
| 337 |
_2rdamedia _aunmediated |
||
| 338 |
_2rdacarrier _avolume |
||
| 650 |
_aTürk dili _vSözlükler _xSözlükler _9123736 |
||
| 902 | _a0008806 | ||
| 942 |
_cREF _2lcc |
||